[Event "FRG-ch"]
[Site "Menden"]
[Date "1974.??.??"]
[Round "?"]
[White "Mubedi, Mir Dhjan"]
[Black "Krieger, Hermann"]
[Result "1-0"]
[WhiteElo "2200"]
[BlackElo "2200"]

1.e4 c5 2.Nf3 Nc6 3.d4 cxd4 4.Nxd4 e6 5.Nc3 a6 6.Be2 Qc7 7.Be3 d6 8.f4 Bd7
9.Nb3 Nf6 10.O-O Be7 11.Bf3 O-O 12.a4 Rac8 13.Qd2 b6 14.g4 Rfd8 15.g5 Ne8
16.h4 Nb4 17.Qg2 d5 18.e5 Bc5 19.Nd4 g6 20.Qf2 Ng7 21.Bg4 Nc6 22.Nce2 b5
23.axb5 Nxd4 24.Nxd4 Bxb5 25.Rfc1 Bxd4 26.Bxd4 Qc4 27.Qd2 Nf5 28.Bxf5 gxf5
29.Kf2 Rb8 30.b3 Qc7 31.Rg1 Rdc8 32.c3 a5 33.Ra3 a4 34.b4 Qc4 35.h5 Kg7 36.Qd1 Bd7
37.Ke3 Bb5 38.Qd2 Ra8 39.Rga1 Rc6 40.Rd1 Rcc8 41.Qf2 Rc7 42.Kf3 Ba6 43.Ke3 Bb5
44.Qf3 Kg8 45.Kd2 Rac8 46.Rg1 Kh8 47.Re1 Kg8 48.Qg3 Kh8 49.Qf3 Kg8 50.Re3 Rd7
51.Qf2 Rdc7 52.Rg3 Kh8 53.Qg2 Rd7 54.Qf2 Ra8 55.Ke1 Rc7 56.Qg2 Rg8 57.Kd2 Rgc8
58.Qf2 Ra8 59.Qe3 Rac8 60.Rg1 Rd7 61.Re1 Rdc7 62.Qg3 Rd7 63.Qf3 Kg8 64.Rea1 Rdc7
65.Ke1 Rd7 66.Kf2 Rb7 67.Kg1 Rd7 68.Kh2 Ra8 69.Qd1 Rb7 70.R1a2 Rc7 71.Kg3 Rb7
72.Kf2 Rc7 73.Ke3 Rb7 74.Ra1 Rc7 75.Qd2 Rb7 76.Rg1 Kh8 77.Raa1 Rc8 78.Ra3 Rd7
79.Rga1 Kg8 80.Kf2 Rb7 81.h6 Kf8 82.Qd1 Ke7 83.Ke3 Kd7 84.Rxa4 Bxa4 85.Rxa4 Rbb8
86.Qa1 Qc6 87.Ra7+ Rc7 88.Ra6 Qb5 89.Ra5 Qc6 90.Qa3 Rb5 91.Ra6 Qc4 92.Qa4 Ke7
93.Ra7 Kd8 94.Ra8+ Rc8 95.g6 fxg6 96.Rxc8+ Kxc8 97.Qa6+ Kb8 98.Qxe6 Qf1 99.Qg8+ Kb7
100.Qxh7+ Kb8 101.Qg8+ Kb7 102.Qf7+ Kb8 103.Qe8+ Kc7 104.Qe7+ Kc8 105.Qe6+ Kc7
106.Qxg6 Qe1+ 107.Kf3 Qe4+ 108.Kg3 Rb8 109.Qd6+ Kb7 110.Qb6+ Kc8 111.Qc6+ Kd8
112.h7 Qh1 113.Bb6+  1-0

[Event "Nice olm prel"]
[Site "Nice"]
[Date "1974.??.??"]
[Round "1"]
[White "Friedgood, David"]
[Black "Olafsson, Fridrik"]
[Result "1/2-1/2"]
[WhiteElo "2310"]
[BlackElo "2550"]

1.e4 c5 2.Nf3 Nc6 3.d4 cxd4 4.Nxd4 e6 5.Nc3 a6 6.Be2 Qc7 7.O-O Nf6 8.Be3 Be7
9.f4 d6 10.Qe1 Bd7 11.a3 Rc8 12.Nb3 O-O 13.Qg3 Kh8 14.Rad1 b5 15.e5 Ne8 16.Ne4 dxe5
17.fxe5 Nxe5 18.Bf4 f6 19.Bxe5 fxe5 20.Rxf8+ Bxf8 21.Ng5 Nf6 22.Nf7+ Kg8
23.Nh6+  1/2-1/2

[Event "Nice olm prel"]
[Site "Nice"]
[Date "1974.??.??"]
[Round "1"]
[White "Garbett, Paul Anthony"]
[Black "Jansa, Vlastimil"]
[Result "0-1"]
[WhiteElo "2200"]
[BlackElo "2535"]

1.e4 c5 2.Nf3 e6 3.d4 cxd4 4.Nxd4 Nc6 5.Nc3 a6 6.Be3 Nf6 7.Bd3 Qc7 8.Nb3 b5
9.O-O Bb7 10.Nc5 Bc8 11.Nb3 Be7 12.f4 d6 13.Qf3 Bb7 14.a4 b4 15.Ne2 O-O 16.g4 Na5
17.g5 Nd7 18.Nxa5 Qxa5 19.Nd4 Rfe8 20.f5 Ne5 21.Qh3 exf5 22.Nxf5 d5 23.Nxg7 dxe4
24.Nxe8 exd3 25.Nf6+ Bxf6 26.gxf6 Kh8 27.Bh6 Qb6+ 28.Qe3 Qxe3+ 29.Bxe3 Rg8+  0-1

[Event "Nice olm prel"]
[Site "Nice"]
[Date "1974.??.??"]
[Round "1"]
[White "Ardiansyah, Haji"]
[Black "Liberzon, Vladimir M"]
[Result "1/2-1/2"]
[WhiteElo "2315"]
[BlackElo "2515"]

1.e4 c5 2.Nf3 e6 3.d4 cxd4 4.Nxd4 Nc6 5.Nc3 d6 6.Be3 Nf6 7.Be2 Be7 8.O-O Bd7
9.Qd2 Nxd4 10.Bxd4 Bc6 11.f3 O-O 12.Rfd1 a6 13.a4 Nd7 14.b4 b6 15.b5 axb5
16.axb5 Bb7 17.Qe1 Qc7 18.Bd3 Bf6 19.Bxf6 Nxf6 20.Na4 d5 21.exd5 Nxd5 22.Qf2 Ra5
23.c4 Nf4 24.Bc2 Qxc4 25.Nxb6 Ne2+ 26.Kf1 Ng3+ 27.Kg1 Ne2+ 28.Kf1 Qxc2 29.Qxe2 Qxe2+
30.Kxe2 Rxb5 31.Rab1 Ba6 32.Kf2 Rxb1 33.Rxb1 Rb8 34.Rb2 f6 35.Nc4 Rd8 36.Ne3 Rd6
37.g4 Kf7 38.h4 Kg6 39.h5+ Kf7 40.Kg3 Rd7 41.Rb8 Bd3 42.Kh4 h6 43.Kg3 Bh7
44.Nc4 Bc2 45.Ne3 Bd3 46.f4 e5 47.fxe5 fxe5 48.g5 hxg5 49.Kg4 Rc7 50.Kxg5 Rc5
51.Rb7+ Kg8 52.Nf5 Bxf5 53.Kxf5 Kh7 54.Re7 Kh6 55.Re8 e4+ 56.Kxe4 Kxh5 57.Kf3 Rc3+
58.Kg2 g5 59.Re2 Kh4 60.Ra2 g4 61.Rd2 Rg3+ 62.Kh2 Rb3 63.Kg2 Rb1 64.Ra2 Re1
65.Rb2 Re3 66.Rc2 Kg5 67.Rc5+ Kf4 68.Rc4+ Re4 69.Rxe4+ Kxe4 70.Kg3 Kf5 71.Kg2 Kf4
72.Kf2 Kg5 73.Kg3 Kh5 74.Kg2 Kh4 75.Kh2 g3+ 76.Kg2 Kg4 77.Kg1 Kf4 78.Kg2 Kg4
79.Kg1 Kh4 80.Kg2 Kg4  1/2-1/2

[Event "Nice olm prel"]
[Site "Nice"]
[Date "1974.??.??"]
[Round "1"]
[White "Perez, Eduardo"]
[Black "Popov, Luben"]
[Result "0-1"]
[WhiteElo "2200"]
[BlackElo "2460"]

1.e4 c5 2.Nc3 Nc6 3.Nf3 e6 4.d4 cxd4 5.Nxd4 Qc7 6.Be3 a6 7.g3 Nf6 8.Bg2 d6
9.O-O Be7 10.Nb3 b5 11.a3 Bb7 12.Qe2 Ne5 13.Rad1 O-O 14.Bc1 Nc4 15.Rfe1 Rac8
16.Nb1 Rfe8 17.c3 e5 18.N3d2 Nb6 19.Nf1 h6 20.Nbd2 Rcd8 21.Ne3 Bf8 22.Ng4 Nxg4
23.Qxg4 Bc8 24.Qe2 Be6 25.Nf1 Bb3 26.Rd2 g6 27.Ne3 Bg7 28.h3 Rf8 29.Nd5 Nxd5
30.exd5 f5 31.Kh2 Rde8 32.f3 h5 33.Qf2 Qb7 34.Bh1 Bxd5 35.Red1 Bb3 36.Re1 d5
37.Rd3 e4 38.Rd2 Qe7 39.Bg2 e3 40.Qg1 exd2 41.Rxe7 d1=Q  0-1

[Event "Nice olm fin-A"]
[Site "Nice"]
[Date "1974.??.??"]
[Round "2"]
[White "Pavlov, Mircea"]
[Black "Kestler, Hans Guenther"]
[Result "0-1"]
[WhiteElo "2355"]
[BlackElo "2410"]

1.e4 c5 2.Nf3 e6 3.d4 cxd4 4.Nxd4 Nc6 5.Nc3 d6 6.Be3 Nf6 7.Be2 Be7 8.O-O O-O
9.f4 Bd7 10.Nb3 Qc7 11.Kh1 Rfd8 12.Bf3 Rac8 13.Qe1 Be8 14.Qf2 Qb8 15.a4 b6
16.g4 d5 17.e5 Nd7 18.Nb5 Nc5 19.N3d4 Ne4 20.Qg2 Na5 21.Nb3 Nc4 22.Bc1 Bb4
23.c3 Bc5 24.Qe2 a6 25.N5d4 Na5 26.Bg2 Nxb3 27.Nxb3 b5 28.Nxc5 Nxc5 29.Be3 bxa4
30.Qf2 Nd3 31.Qd2 Bb5 32.Bd4 Nc5 33.f5 Bxf1 34.Rxf1 Qb5 35.f6 Qd3 36.Qf2 Ne4
37.Qh4 a3 38.bxa3 Rb8 39.fxg7 Rd7 40.g5 Rb1 41.Qf4 Rdb7 42.Bg1 Rxf1 43.Bxf1 Qd2
44.Qxd2 Nxd2 45.Bxa6 Rb2 46.Kg2 Ra2 47.h4 Rxa3 48.Be2 Rxc3 49.Bd4 Ra3 50.Bc5 Ra2
51.Bf8 Nc4 52.Kf1 Nxe5 53.Bd6 Nc4  0-1

[Event "Nice olm fin-A"]
[Site "Nice"]
[Date "1974.??.??"]
[Round "3"]
[White "Dueball, Juergen"]
[Black "Kuzmin, Gennadi P"]
[Result "0-1"]
[WhiteElo "2455"]
[BlackElo "2600"]

1.e4 c5 2.Nf3 e6 3.d4 cxd4 4.Nxd4 Nc6 5.Nc3 d6 6.Be3 Nf6 7.Bc4 Be7 8.Qe2 a6
9.O-O-O O-O 10.Bb3 Qc7 11.g4 Nxd4 12.Rxd4 b5 13.g5 Nd7 14.Rg1 g6 15.h4 Nc5
16.h5 Re8 17.Rh1 Bb7 18.Qg4 Bf8 19.f3 Rad8 20.Rd2 d5 21.exd5 Nxb3+ 22.axb3 exd5
23.Bd4 Bd6 24.Bf6 Bf4 25.hxg6 fxg6 26.Bxd8 Bxd2+ 27.Kxd2 Qxd8 28.Qh4 Qe7
29.Re1 Qxe1+ 30.Qxe1 Rxe1 31.Kxe1 Kf7 32.Kf2 Ke6 33.Ke3 Kf5 34.Kd4 Kxg5 35.Nxd5 h5
36.c4 Bxd5 37.cxd5 Kf6 38.f4 Ke7 39.b4 Kd6  0-1

[Event "Nice olm fin-A"]
[Site "Nice"]
[Date "1974.??.??"]
[Round "3"]
[White "Penrose, Jonathan"]
[Black "Rantanen, Yrjo A"]
[Result "0-1"]
[WhiteElo "2450"]
[BlackElo "2410"]

1.e4 c5 2.Nf3 e6 3.d4 cxd4 4.Nxd4 Nc6 5.Nc3 Qc7 6.Be3 a6 7.Bd3 b5 8.Nxc6 Qxc6
9.O-O Bb7 10.a3 Ne7 11.f4 Ng6 12.Qh5 Rc8 13.Kh1 Bc5 14.Bd2 Bd4 15.Rae1 Qc5
16.f5 Ne5 17.b4 Qe7 18.Bg5 Qd6 19.Ne2 Bb2 20.Rb1 Nxd3 21.cxd3 Rc2 22.Ng3 O-O
23.f6 Rfc8 24.fxg7 f5 25.Qf3 Be5 26.Nh5 Qd4 27.Qh3 R8c3 28.Rxf5 exf5 29.Qxf5 Qf2  0-1

[Event "Nice olm fin-A"]
[Site "Nice"]
[Date "1974.??.??"]
[Round "4"]
[White "Rantanen, Yrjo A"]
[Black "Unzicker, Wolfgang"]
[Result "0-1"]
[WhiteElo "2410"]
[BlackElo "2535"]

1.e4 c5 2.Nf3 e6 3.d4 cxd4 4.Nxd4 Nc6 5.Nc3 d6 6.Be3 Nf6 7.Bc4 Be7 8.Qe2 O-O
9.O-O-O a6 10.Rhg1 Nxd4 11.Bxd4 b5 12.Bb3 Bb7 13.e5 dxe5 14.Bxe5 Qb6 15.g4 Rad8
16.g5 Nd7 17.Bd4 Bc5 18.Rg4 Bxd4 19.Rgxd4 Nc5 20.Qe5 Rc8 21.Ne2 Bf3 22.Kb1 Nxb3
23.axb3 Rc5 24.Qe3 Bxe2 25.Qxe2 Rxg5 26.b4 Rg1 27.c3 Rxd1+ 28.Qxd1 e5 29.Rd2 g6
30.Qf3 Qe6 31.Qd5 Qf5+ 32.Ka2 Re8 33.b3 Qh3 34.f3 e4 35.Qc6 Qc8 36.Qxc8 Rxc8
37.Kb2 exf3 38.Rd3 f5 39.Rxf3 Kf7 40.Rh3 h5 41.Rd3 Ke6 42.h4 f4 43.Kc2 Rc6
44.Kd2 Kf5  0-1

[Event "Nice olm fin-A"]
[Site "Nice"]
[Date "1974.??.??"]
[Round "4"]
[White "Velimirovic, Dragoljub"]
[Black "Ribli, Zoltan"]
[Result "0-1"]
[WhiteElo "2530"]
[BlackElo "2525"]

1.e4 c5 2.Nf3 e6 3.d4 cxd4 4.Nxd4 Nc6 5.Nc3 a6 6.Be2 Qc7 7.O-O Nf6 8.Kh1 d6
9.f4 Be7 10.Bf3 O-O 11.g4 Nxd4 12.Qxd4 Nd7 13.g5 b5 14.a4 Bb7 15.axb5 axb5
16.Be3 Bc6 17.Bg2 Rfb8 18.Rxa8 Bxa8 19.f5 b4 20.Ne2 exf5 21.Rxf5 Qxc2 22.Ng3 g6
23.Ra5 Bd8 24.Ra1 Bb6 25.Qxd6 Bxe3 26.Qxd7 Qxb2 27.Rf1 Rf8 28.Qe7 b3 29.Rd1 Qc3
30.Nf1 Bc5 31.Qc7 b2 32.Rb1 Bd4 33.Qxc3 Bxc3 34.Ne3 Bd4 35.Nd5 Bb7 36.Bf1 Rc8
37.Bd3 Ba6  0-1

[Event "Nice olm fin-A"]
[Site "Nice"]
[Date "1974.??.??"]
[Round "5"]
[White "Torre, Eugenio"]
[Black "Hort, Vlastimil"]
[Result "1-0"]
[WhiteElo "2450"]
[BlackElo "2600"]

1.e4 c5 2.Nf3 e6 3.d4 cxd4 4.Nxd4 Nc6 5.Nc3 Qc7 6.Be2 a6 7.O-O Nf6 8.Be3 Bb4
9.Nxc6 bxc6 10.Na4 Rb8 11.c4 Bd6 12.f4 Nxe4 13.Bd3 Nf6 14.c5 Be7 15.Bd4 Rb4
16.Bc2 Qa5 17.a3 Rxa4 18.b4 Rxb4 19.axb4 Qxb4 20.Ra4 Qb8 21.Kh1 d5 22.cxd6 Qxd6
23.Qb1 c5 24.Be5 Qc6 25.Ra3 Bd7 26.Ba4 Qc8 27.Bxd7+ Qxd7 28.Rd1 Qc8 29.Rxa6 O-O
30.Qb5 Nd5 31.Ra7 Re8 32.Rc7 Qa8 33.Ra1 Qd8 34.Rd7 Qc8 35.Rb7 Rf8 36.Raa7 Qe8
37.Qb2 f6 38.Bd6 Qh5 39.Qb1  1-0

[Event "Nice olm fin-A"]
[Site "Nice"]
[Date "1974.??.??"]
[Round "7"]
[White "Lombardy, William James"]
[Black "Kuzmin, Gennadi P"]
[Result "1/2-1/2"]
[WhiteElo "2520"]
[BlackElo "2600"]

1.e4 c5 2.Nf3 e6 3.d4 cxd4 4.Nxd4 Nc6 5.Nc3 d6 6.Be3 Be7 7.Be2 Nf6 8.O-O Bd7
9.f4 O-O 10.Bf3 e5 11.Nxc6 Bxc6 12.Kh1 b5 13.a3 Qb8 14.Qd3 Qb7 15.Nd5 Bxd5
16.exd5 Rac8 17.fxe5 dxe5 18.d6 e4 19.dxe7 Qxe7 20.Qxb5 exf3 21.Rxf3 Rxc2
22.Bg5 Qd7 23.Qb3 Qc6 24.Bxf6 Rc1+ 25.Rf1 Rxa1 26.Rxa1 Qxf6 27.Qc2 g6 28.Rd1  1/2-1/2

[Event "Nice olm fin-B"]
[Site "Nice"]
[Date "1974.??.??"]
[Round "8"]
[White "Janetschek, Karl"]
[Black "Yanofsky, Daniel Abraham"]
[Result "1/2-1/2"]
[WhiteElo "2335"]
[BlackElo "2435"]

1.e4 c5 2.Nf3 e6 3.d4 cxd4 4.Nxd4 Nc6 5.Nc3 Qc7 6.g3 a6 7.Bg2 d6 8.O-O Be7
9.Re1 Bd7 10.Nb3 Nf6 11.a4 O-O 12.f4 Rfd8 13.a5 Be8 14.Be3 Nd7 15.Na4 Nc5
16.Qe2 Nd4 17.Nxd4 Nxa4 18.c4 Bf6 19.b4 e5 20.fxe5 Bxe5 21.Ra3 b5 22.Rc1 Qb7
23.cxb5 axb5 24.Ra2 Bd7 25.Rac2 Rdc8 26.Rxc8+ Rxc8 27.Rxc8+ Qxc8 28.Nxb5 Qb7
29.Nxd6 Qxb4 30.Nc4 Bb5 31.Bf1 h6 32.Qd2 Qb1 33.Qd8+ Kh7 34.Qd5 Bc3 35.Qf5+ Kg8
36.Qc8+ Kh7 37.Qf5+ Kg8 38.Qc8+  1/2-1/2

[Event "Nice olm fin-B"]
[Site "Nice"]
[Date "1974.??.??"]
[Round "9"]
[White "Wostin, Rik Hendrik"]
[Black "Kostro, Jerzy"]
[Result "0-1"]
[WhiteElo "2265"]
[BlackElo "2385"]

1.e4 c5 2.Nf3 e6 3.d4 cxd4 4.Nxd4 Nc6 5.Nc3 Qc7 6.Be2 a6 7.O-O Nf6 8.Kh1 Bb4
9.f4 Bxc3 10.bxc3 Nxe4 11.Nxc6 Qxc6 12.Qd4 O-O 13.f5 exf5 14.Ba3 d6 15.c4 Be6
16.Bd3 Rfd8 17.Rab1 Nc5 18.Bb2 f6 19.Bxf5 Bxf5 20.Rxf5 Qe4 21.Qxe4 Nxe4 22.Rd5 Rac8
23.Rd4 f5 24.Ba3 Rd7 25.h3 Rdc7 26.Bxd6 Rxc4 27.Rxc4 Rxc4 28.Be5 b5 29.Rb2 f4
30.Kg1 g5 31.h4 h6 32.hxg5 hxg5 33.c3 Kf7 34.Rb3 Ra4 35.Rb2 Ke6 36.Bg7 Kf5
37.Re2 Ng3 38.Rd2 Re4 39.Kf2 Re7 40.Bf8 Ne4+ 41.Ke1 Re8 42.Rd5+ Kg6  0-1

[Event "Nice olm fin-A"]
[Site "Nice"]
[Date "1974.??.??"]
[Round "11"]
[White "Kuzmin, Gennadi P"]
[Black "Kirov, Nino"]
[Result "1/2-1/2"]
[WhiteElo "2600"]
[BlackElo "2465"]

1.e4 c5 2.Nf3 e6 3.d4 cxd4 4.Nxd4 Nc6 5.Nc3 a6 6.Be2 Nf6 7.O-O Qc7 8.Be3 Be7
9.f4 d6 10.Kh1 O-O 11.Qe1 Na5 12.Qg3 Nc4 13.Bxc4 Qxc4 14.e5 Ne8 15.Rad1 f6
16.Rfe1 fxe5 17.fxe5 dxe5 18.Nf3 Nd6 19.Nxe5 Qb4 20.Nd3 Nf5 21.Qh3 Qh4 22.Qxh4 Bxh4
23.Bf2 Bxf2 24.Nxf2 b5 25.Nfe4 Ra7 26.b4 e5 27.Nc5 Nd4 28.Rxe5 Nxc2 29.Nd5 a5
30.Re7 Rxe7 31.Nxe7+ Kf7 32.Nxc8 Rxc8 33.Nb7 Rc7 34.Nd6+ Ke6 35.bxa5 Ra7
36.Nxb5 Rxa5 37.Nc3 Ra3 38.Rd3 Nb4  1/2-1/2

[Event "Nice olm fin-B"]
[Site "Nice"]
[Date "1974.??.??"]
[Round "11"]
[White "Sigurjonsson, Gudmundur"]
[Black "Liberzon, Vladimir M"]
[Result "1-0"]
[WhiteElo "2480"]
[BlackElo "2515"]

1.e4 c5 2.Nf3 e6 3.d4 cxd4 4.Nxd4 Nc6 5.Nc3 d6 6.Be2 Nf6 7.Be3 Be7 8.O-O O-O
9.f4 Bd7 10.Nb3 a6 11.a4 Na5 12.e5 Ne8 13.Nxa5 Qxa5 14.Qd2 Qc7 15.Rfd1 Rd8
16.Bd4 dxe5 17.fxe5 Bb5 18.Nxb5 axb5 19.c3 bxa4 20.Rxa4 Qd7 21.Qc2 Nc7 22.Bf3 Qc8
23.Qb3 b5 24.Ra7 Bg5 25.Rda1 g6 26.Bc6 Nd5 27.Qxb5 Be3+ 28.Bxe3 Nxe3 29.Ra8 Qc7
30.R1a7 Rd1+ 31.Kf2 Ng4+ 32.Ke2 Qxe5+ 33.Qxe5 Nxe5 34.Kxd1  1-0

[Event "Nice olm fin-B"]
[Site "Nice"]
[Date "1974.??.??"]
[Round "12"]
[White "Bouaziz, Slim"]
[Black "Hug, Werner"]
[Result "1/2-1/2"]
[WhiteElo "2365"]
[BlackElo "2425"]

1.e4 c5 2.Nf3 e6 3.d4 cxd4 4.Nxd4 Nc6 5.Nc3 Qc7 6.Be3 Nf6 7.Bd3 Nxd4 8.Bxd4 Bc5
9.Bxc5 Qxc5 10.O-O d6 11.Bb5+ Bd7 12.Bxd7+ Nxd7 13.Qd3 Ne5 14.Qb5+ Qxb5 15.Nxb5 Ke7
16.Rfd1 Rhd8 17.f4 Nc6 18.Kf2 Rac8  1/2-1/2

[Event "Nice olm fin-B"]
[Site "Nice"]
[Date "1974.??.??"]
[Round "12"]
[White "McKay, Roderick M"]
[Black "Ogaard, Leif"]
[Result "1/2-1/2"]
[WhiteElo "2330"]
[BlackElo "2430"]

1.e4 c5 2.Nf3 e6 3.d4 cxd4 4.Nxd4 Nc6 5.Nc3 a6 6.g3 d6 7.Bg2 Bd7 8.O-O Nf6
9.Nce2 Be7 10.c4 O-O 11.b3 Rb8 12.Ba3 Qa5 13.Bxd6 Bxd6 14.Nxc6 Bxc6 15.Qxd6 Bxe4  1/2-1/2

[Event "Nice olm fin-B"]
[Site "Nice"]
[Date "1974.??.??"]
[Round "12"]
[White "Tatai, Stefano"]
[Black "Yanofsky, Daniel Abraham"]
[Result "1/2-1/2"]
[WhiteElo "2430"]
[BlackElo "2435"]

1.e4 c5 2.Nf3 e6 3.d4 cxd4 4.Nxd4 Nc6 5.Nc3 Qc7 6.g3 a6 7.Bg2 d6 8.O-O Be7
9.Re1 Bd7 10.Nxc6 Bxc6 11.Qd4 Nf6 12.e5 dxe5 13.Qxe5 Qxe5 14.Bxc6+ bxc6 15.Rxe5  1/2-1/2

[Event "Nice olm fin-A"]
[Site "Nice"]
[Date "1974.??.??"]
[Round "13"]
[White "Kuijpers, Franciscus Antonius"]
[Black "Kestler, Hans Guenther"]
[Result "1-0"]
[WhiteElo "2420"]
[BlackElo "2410"]

1.e4 c5 2.Nf3 e6 3.d4 cxd4 4.Nxd4 Nc6 5.Nc3 d6 6.Be3 Nf6 7.Be2 Be7 8.O-O O-O
9.f4 Bd7 10.Nb3 Qc7 11.Bf3 Rfd8 12.Qe1 Be8 13.Nb5 Qb8 14.c4 a6 15.Nc3 b5
16.c5 dxc5 17.e5 Nd5 18.Nxd5 exd5 19.Bxc5 Bxc5+ 20.Nxc5 Nd4 21.Rc1 b4 22.Bg4 Bb5
23.Rf2 a5 24.Rd2 Nc6 25.Kh1 Ra7 26.Qd1 Ne7 27.Ne4 Bd7 28.Nd6 Bxg4 29.Qxg4 Rc7
30.Rcd1 b3 31.axb3 Qxb3 32.h4 Rb8 33.h5 h6 34.Rd3 Qc2 35.Kh2 Rb3 36.Rxb3 Qxb3
37.Ne8 Nf5 38.Nxc7  1-0

[Event "Nice olm fin-A"]
[Site "Nice"]
[Date "1974.??.??"]
[Round "14"]
[White "Parma, Bruno"]
[Black "Tal, Mihail"]
[Result "1/2-1/2"]
[WhiteElo "2510"]
[BlackElo "2635"]

1.e4 c5 2.Nf3 Nc6 3.d4 cxd4 4.Nxd4 e6 5.Nc3 d6 6.Be3 Be7 7.Be2 Nf6 8.O-O O-O
9.f4 e5 10.fxe5 dxe5 11.Nxc6 bxc6 12.Qxd8 Rxd8 13.Rfd1 Rxd1+ 14.Rxd1 Be6
15.Bf3  1/2-1/2

[Event "Oslo CI"]
[Site "Oslo"]
[Date "1974.??.??"]
[Round "4"]
[White "Hoen, Ragnar"]
[Black "Ogaard, Leif"]
[Result "0-1"]
[WhiteElo "2385"]
[BlackElo "2385"]

1.e4 c5 2.Nf3 e6 3.d4 cxd4 4.Nxd4 Nc6 5.Nc3 a6 6.g3 d6 7.Bg2 Bd7 8.O-O Nf6
9.Be3 Be7 10.h3 O-O 11.f4 Rc8 12.Nb3 b5 13.a3 Be8 14.Qd2 Nd7 15.Qf2 Qc7 16.Rfd1 Rb8
17.Na2 a5 18.Bf1 b4 19.axb4 axb4 20.Nac1 Nf6 21.Bg2 Bd7 22.Nd3 Rfc8 23.e5 Nd5
24.exd6 Bxd6 25.Bc5 Nce7 26.Bxd6 Qxd6 27.Ndc5 Bc6 28.Rac1 Ra8 29.c4 bxc3
30.bxc3 Qc7 31.Nd3 Nf5 32.Nd4 Nfe3 33.Rd2 Nxg2 34.Qxg2 Bb7 35.Qf2 Nf6 36.Re2 Qd7
37.Nb4 Nd5 38.Nxd5 Qxd5 39.Kh2 Ra3 40.Re5 Qc4 41.f5 Ra2 42.Re2 Rxe2 43.Qxe2 Qxe2+
44.Nxe2 exf5 45.Nd4 Ra8 46.Nxf5 Ra2+ 47.Kg1 Rg2+ 48.Kf1 g6 49.Ne7+ Kf8 50.Rb1 Bf3
51.Nc8 Rxg3 52.Kf2 Rxh3 53.c4 Bg4 54.Nd6 Rc3 55.Rb8+ Ke7 56.Ne4 Rxc4 57.Rb7+ Bd7
58.Ng5 h6 59.Nf3 Re4 60.Nd2 Ra4 61.Nb3 Rc4  0-1

[Event "Oslo CI"]
[Site "Oslo"]
[Date "1974.??.??"]
[Round "7"]
[White "Sigurjonsson, Gudmundur"]
[Black "Barda, Yngvar"]
[Result "1/2-1/2"]
[WhiteElo "2470"]
[BlackElo "2280"]

1.e4 c5 2.Nf3 e6 3.d4 cxd4 4.Nxd4 Nc6 5.Nc3 a6 6.Bf4 d6 7.Bg3 e5 8.Nb3 Nf6
9.a4 Be6 10.Be2 Be7 11.O-O O-O 12.f4 exf4 13.Bxf4 Ne5 14.Kh1 Rc8 15.Nd4 Qb6
16.Nxe6 fxe6 17.Ra3 Qc6 18.Qd4 Nfd7 19.Bg3 Rxf1+ 20.Bxf1 Nc4 21.Rb3 Na5 22.Ra3 Nc4
23.Rb3 Na5  1/2-1/2

[Event "Oslo CI"]
[Site "Oslo"]
[Date "1974.??.??"]
[Round "9"]
[White "Akvist, Hakan"]
[Black "Barda, Yngvar"]
[Result "1-0"]
[WhiteElo "2340"]
[BlackElo "2280"]

1.e4 c5 2.Nf3 e6 3.d4 cxd4 4.Nxd4 Nc6 5.Nc3 a6 6.a3 d6 7.Be2 Bd7 8.O-O Nf6
9.Kh1 Be7 10.Nb3 O-O 11.Be3 Qc7 12.f4 b5 13.Bf3 Rab8 14.Nd4 Rfd8 15.Qe1 Be8
16.Qg3 Na5 17.Rad1 Nc4 18.Nce2 d5 19.e5 Ne4 20.Bxe4 dxe4 21.f5 exf5 22.Nxf5 Bf8
23.Rxd8 Rxd8 24.Bf4 Qd7 25.Nxg7 Kh8 26.Nh5 Qf5 27.Qh4 Rd7 28.Neg3 Qg6 29.Bg5 Nd2
30.Nf4 Qg8 31.Bf6+ Bg7 32.Nfh5 Nxf1 33.Nxg7  1-0

[Event "Rubinstein mem"]
[Site "Polanica Zdroj"]
[Date "1974.??.??"]
[Round "5"]
[White "Barczay, Laszlo"]
[Black "Schmidt, Wlodzimierz"]
[Result "1-0"]
[WhiteElo "2440"]
[BlackElo "2500"]

1.e4 c5 2.Nf3 e6 3.Nc3 Nc6 4.d4 cxd4 5.Nxd4 a6 6.Be2 d6 7.O-O Nf6 8.Be3 Be7
9.f4 O-O 10.Qe1 Bd7 11.Rd1 Qc7 12.Nb3 b5 13.a3 b4 14.axb4 Nxb4 15.Rd2 Bc6
16.Bf3 Rab8 17.Nd4 Ba8 18.Qg3 Rfd8 19.e5 Nfd5 20.Bxd5 Nxd5 21.Nxd5 Bxd5 22.Rdf2 Bf8
23.c3 Be4 24.h4 g6 25.h5 Bg7 26.exd6 Qxd6 27.Qh4 h6 28.hxg6 fxg6 29.Rd2 Qd5
30.Nxe6 Qxd2 31.Bxd2 Rxd2 32.Rf2 g5 33.fxg5 Rd1+ 34.Rf1  1-0

[Event "Rubinstein mem"]
[Site "Polanica Zdroj"]
[Date "1974.??.??"]
[Round "6"]
[White "Suetin, Alexey S"]
[Black "Doda, Zbigniew"]
[Result "1-0"]
[WhiteElo "2505"]
[BlackElo "2410"]

1.e4 c5 2.Nf3 e6 3.d4 cxd4 4.Nxd4 Nc6 5.Nc3 a6 6.Be2 d6 7.Be3 Nf6 8.f4 Be7
9.O-O O-O 10.Qe1 Bd7 11.Qg3 Nxd4 12.Bxd4 Bc6 13.Bd3 Qd7 14.Rae1 b5 15.a3 a5
16.b4 axb4 17.axb4 Ra3 18.Re2 Rfa8 19.Nb1 R3a4 20.Bc3 d5 21.exd5 Bxd5 22.f5 e5
23.Bxe5 Rxb4 24.Nc3 Bc6 25.Ne4 Qd8 26.Rfe1 Rba4 27.h3 h6 28.Kh1 b4 29.Bc4 Bxe4
30.Rxe4 Qf8 31.R4e2 Kh7 32.Bd4 Ra3 33.Bb3 Bc5 34.Bb2 R3a7 35.Qh4 Qd8 36.Be5 Rc8
37.Bb2 Rd7 38.Qg3 Qc7 39.Be5 Qd8 40.Qf3 Rd1 41.Bxf7 Be7 42.Bb3 Bc5 43.Qg3  1-0

[Event "Rubinstein mem"]
[Site "Polanica Zdroj"]
[Date "1974.??.??"]
[Round "9"]
[White "Garcia Martinez, Silvino"]
[Black "Doda, Zbigniew"]
[Result "1/2-1/2"]
[WhiteElo "2400"]
[BlackElo "2410"]

1.e4 c5 2.Nf3 e6 3.d4 cxd4 4.Nxd4 Nc6 5.Nc3 a6 6.Be2 d6 7.O-O Nf6 8.Be3 Be7
9.f4 O-O 10.Qe1 Bd7 11.Qg3 Nxd4 12.Bxd4 Bc6 13.Bd3 b5 14.a3 Qd7 15.Rad1 g6
16.f5 Nh5 17.Qh3 Bf6 18.Bxf6 Nxf6 19.e5 dxe5 20.fxg6 fxg6 21.Bxg6 Qe7 22.Bd3 Rf7
23.Rde1 Rg7 24.Re2 Kh8 25.Qh4 Qa7+ 26.Kh1 Nd5 27.Nxd5 Bxd5 28.Be4 Qd4 29.g3  1/2-1/2

[Event "Rubinstein mem"]
[Site "Polanica Zdroj"]
[Date "1974.??.??"]
[Round "11"]
[White "Barczay, Laszlo"]
[Black "Kirov, Nino"]
[Result "1/2-1/2"]
[WhiteElo "2440"]
[BlackElo "2465"]

1.e4 c5 2.Nf3 e6 3.Nc3 Nc6 4.d4 cxd4 5.Nxd4 a6 6.Be2 Qc7 7.Be3 Nf6 8.a3 Be7
9.f4 d6 10.O-O O-O 11.Qe1 Na5 12.Nb3 Nc4 13.Bxc4 Qxc4 14.Nc5 dxc5 15.b3 Qxf1+
16.Kxf1 b5 17.e5 Nd5 18.Ne4 c4 19.g3 cxb3 20.cxb3 a5 21.Bc5 Bb7 22.Bxe7 Nxe7
23.Nd6 Bd5  1/2-1/2

[Event "Rubinstein mem"]
[Site "Polanica Zdroj"]
[Date "1974.??.??"]
[Round "14"]
[White "Garcia Martinez, Silvino"]
[Black "Filipowicz, Andrzej"]
[Result "1-0"]
[WhiteElo "2400"]
[BlackElo "2430"]

1.e4 c5 2.Nf3 e6 3.d4 cxd4 4.Nxd4 Nc6 5.Nc3 d6 6.Be2 Nf6 7.O-O Be7 8.Be3 a6
9.f4 Bd7 10.a4 Qc7 11.Nb3 Nb4 12.a5 O-O 13.Kh1 Bc6 14.Bf3 Nd7 15.Qd2 Nc5
16.Nd4 d5 17.exd5 Nxd5 18.Nxd5 exd5 19.Nf5 Ne6 20.Bb6 Qd7 21.c4 Bd8 22.cxd5 Bxb6
23.axb6 Nd8 24.Bg4  1-0

[Event "CSR-ch"]
[Site "Rimavska Sobota"]
[Date "1974.??.??"]
[Round "3"]
[White "Plachetka, Jan"]
[Black "Hort, Vlastimil"]
[Result "0-1"]
[WhiteElo "2405"]
[BlackElo "2600"]

1.e4 c5 2.Nf3 e6 3.d4 cxd4 4.Nxd4 Nc6 5.Nc3 d6 6.Be2 Be7 7.O-O Nf6 8.Kh1 O-O
9.f4 Bd7 10.Nb3 a5 11.a4 Nb4 12.e5 Ne8 13.Nd4 Bc6 14.Nxc6 bxc6 15.exd6 Nxd6
16.Bf3 Nf5 17.Ne4 Qc7 18.c3 Nd5 19.Qe2 Nxf4 20.Bxf4 Qxf4 21.Bg4 Qe5 22.Bxf5 exf5
23.Ng3 Qxe2 24.Nxe2 g6 25.Nd4 Rfc8 26.Nc2 Re8 27.Nd4 Bf6 28.Nxc6 Ra6 29.Nd4 Bxd4
30.cxd4 Rd6 31.Rfd1 Re4 32.d5 Re5 33.Rac1 Rexd5 34.Rxd5 Rxd5 35.Kg1 Kg7 36.Rc6 Rd1+
37.Kf2 Rd2+ 38.Kf3 g5 39.Ra6 Rxb2 40.Rxa5 Kg6 41.h3 h5 42.Ra6+ f6 43.Ra8 f4
44.h4 Rb3+ 45.Ke2 Kf5 46.hxg5 fxg5 47.Ra5+ Kg4 48.Rd5 Ra3 49.a5 Ra2+ 50.Kf1 Kh4
51.Rf5 Ra4 52.Kf2 g4 53.a6 Ra2+ 54.Kf1 Kg3  0-1

[Event "CSR-ch"]
[Site "Rimavska Sobota"]
[Date "1974.??.??"]
[Round "5"]
[White "Lanc, Alois"]
[Black "Mista, Ladislav"]
[Result "1-0"]
[WhiteElo "2200"]
[BlackElo "2355"]

1.e4 c5 2.Nf3 e6 3.d4 cxd4 4.Nxd4 Nc6 5.Nc3 a6 6.g3 d6 7.Nxc6 bxc6 8.Bg2 Bb7
9.O-O Nf6 10.b3 Be7 11.Na4 O-O 12.Be3 Rb8 13.c4 d5 14.Nc5 Bc8 15.e5 Nd7 16.Nxd7 Qxd7
17.Rc1 Rd8 18.Qg4 d4 19.Bh6 g6 20.Rcd1 c5 21.h4 Bb7 22.Bxb7 Rxb7 23.h5 a5
24.Rd3 a4 25.Bd2 Ra8 26.hxg6 hxg6 27.Qe4 Bf8 28.g4 axb3 29.axb3 Ra3 30.Rb1 Qc7
31.Rh3 Qb8 32.Bg5 Raxb3 33.Rhxb3 Rxb3 34.Ra1 Qb7 35.Qxb7 Rxb7 36.Ra8 Rd7
37.Bh6 d3 38.Bxf8 d2 39.Bd6+ Kh7 40.Ra1 f6 41.f4 g5 42.Rd1  1-0

[Event "CSR-ch"]
[Site "Rimavska Sobota"]
[Date "1974.??.??"]
[Round "6"]
[White "Sikora Lerch, Jan"]
[Black "Hort, Vlastimil"]
[Result "0-1"]
[WhiteElo "2200"]
[BlackElo "2600"]

1.e4 c5 2.Nf3 e6 3.d4 cxd4 4.Nxd4 Nc6 5.Nc3 a6 6.Be2 Qc7 7.Be3 Nf6 8.O-O Be7
9.f4 d6 10.Qe1 O-O 11.Qg3 Bd7 12.Nb3 b5 13.a3 Kh8 14.Bf3 Rac8 15.Qf2 Rb8
16.g4 Be8 17.g5 Nd7 18.Qg2 Nb6 19.Rad1 Nc4 20.Bc1 a5 21.Ne2 b4 22.axb4 Nxb4
23.Nc3 Qb6+ 24.Kh1 Nxc2 25.Qxc2 Qxb3 26.Qxb3 Rxb3 27.Rf2 Bc6 28.Rd4 Nb6 29.Be3 e5
30.fxe5 dxe5 31.Rd1 Na4 32.Rc2  0-1